<?xml version="1.0" encoding="UTF-8"?>
<record
    xmlns:xsi="http://www.w3.org/2001/XMLSchema-instance"
    xsi:schemaLocation="http://www.loc.gov/MARC21/slim http://www.loc.gov/standards/marcxml/schema/MARC21slim.xsd"
    xmlns="http://www.loc.gov/MARC21/slim">

  <leader>00639nam a2200205 a 4500</leader>
  <controlfield tag="001">.b58264449</controlfield>
  <controlfield tag="003">OSt</controlfield>
  <controlfield tag="005">20140520175742.0</controlfield>
  <controlfield tag="008">130904s2013    spcd|||  |||| 000 0 spa|d</controlfield>
  <datafield tag="020" ind1=" " ind2=" ">
    <subfield code="a">9788490298152</subfield>
  </datafield>
  <datafield tag="040" ind1=" " ind2=" ">
    <subfield code="b">cat</subfield>
    <subfield code="c">CDMR</subfield>
  </datafield>
  <datafield tag="245" ind1="0" ind2="0">
    <subfield code="a">An&#xE1;lisis de audiencias y estrategias de visibilidad</subfield>
    <subfield code="c">/ V&#xED;ctor Cavaller ... [et al.]</subfield>
  </datafield>
  <datafield tag="260" ind1=" " ind2=" ">
    <subfield code="a">Barcelona:</subfield>
    <subfield code="b">Editorial UOC,</subfield>
    <subfield code="c">2013</subfield>
  </datafield>
  <datafield tag="300" ind1=" " ind2=" ">
    <subfield code="a">160 p. </subfield>
    <subfield code="b">gr&#xE0;f. </subfield>
    <subfield code="c">24 cm</subfield>
  </datafield>
  <datafield tag="490" ind1="1" ind2=" ">
    <subfield code="a">[Manuales];</subfield>
    <subfield code="v">273.</subfield>
    <subfield code="a">Comunicaci&#xF3;n</subfield>
  </datafield>
  <datafield tag="650" ind1="0" ind2="4">
    <subfield code="a">Audi&#xE8;ncia</subfield>
    <subfield code="v">Investigaci&#xF3;</subfield>
  </datafield>
  <datafield tag="650" ind1="0" ind2="4">
    <subfield code="a">Ci&#xE8;ncies de la informaci&#xF3;</subfield>
    <subfield code="x">M&#xE8;todes estad&#xED;stics</subfield>
  </datafield>
  <datafield tag="700" ind1="1" ind2=" ">
    <subfield code="a">Cavaller Reyes, V&#xED;ctor</subfield>
  </datafield>
  <datafield tag="942" ind1=" " ind2=" ">
    <subfield code="c">MON</subfield>
  </datafield>
  <datafield tag="999" ind1=" " ind2=" ">
    <subfield code="c">6693</subfield>
    <subfield code="d">6693</subfield>
  </datafield>
  <datafield tag="952" ind1=" " ind2=" ">
    <subfield code="0">0</subfield>
    <subfield code="1">0</subfield>
    <subfield code="4">0</subfield>
    <subfield code="7">0</subfield>
    <subfield code="a">CDMR</subfield>
    <subfield code="b">CDMR</subfield>
    <subfield code="d">2014-02-16</subfield>
    <subfield code="e">Intercanvi</subfield>
    <subfield code="g">17.00</subfield>
    <subfield code="l">12</subfield>
    <subfield code="m">9</subfield>
    <subfield code="o">Cq 10</subfield>
    <subfield code="p">CDMR1402301180</subfield>
    <subfield code="r">2019-12-17</subfield>
    <subfield code="s">2019-10-09</subfield>
    <subfield code="v">17.00</subfield>
    <subfield code="w">2014-02-16</subfield>
    <subfield code="y">MON</subfield>
  </datafield>
</record>
